000 00858cam a22002174a 4500
005 20250605164209.0
008 250528s ||||||||||||||||||||||||d
035 _a20165
020 _a6913114
040 _aGR-AtMCL
_bgre
_dGR-AtMCL
_eAACR2
245 1 _aThe Technological Man / The Myth and the Reality
250 _a2nd
260 _c1969
300 _a342
520 _aWhat is and What Is to Be, Technology and Industrial Man, The Machine and Its Critics, The Prophets of the New, The Existential Revolution, Technological Change and Economic Inertia, Technology Change and the rediscovery of Politics, Technological Change and Cultural Lag, Toward the Creation of Technological Man, Notes, Bibliography, Index.
700 1 _aFerkiss Victor C
_96217
700 1 _aGeorge Braziller
_92449
942 _cBK
999 _c5304
_d5304